Normal view
MARC view
- Nigg, Benno Maurus
Entry Personal Name
001 - CONTROL NUMBER
- control field: 87469
003 - CONTROL NUMBER IDENTIFIER
- control field: NUST
005 - DATE AND TIME OF LATEST TRANSACTION
- control field: 20220107114751.0
008 - FIXED-LENGTH DATA ELEMENTS
- fixed length control field: 220107|| aca||aabn | a|a d
040 ## - CATALOGING SOURCE
- Original cataloging agency: NUST
- Transcribing agency: NUST
100 ## - HEADING--PERSONAL NAME
- Personal name: Nigg, Benno Maurus
670 ## - SOURCE DATA FOUND
- Source citation: Work cat.: (NUST)32344: Benno M. Nigg 87467, Biomechanics of the Musculo-skeletal System /, 2007.
